000 00215nam a22001097a 4500
041 _aeng
080 _a80
100 _aLesowitz, Robert I.
245 _aRules for raising kids.
650 _aCulture
999 _c279181
_d279181
942 _cBK